[Event "MCR druzstev mladsich zaku 2019"]
[Site "Trest"]
[Date "2019.06.15"]
[Round "3.1"]
[White "Finek, Vaclav"]
[Black "Paseka, Matyas"]
[Result "0-1"]
[BlackElo "1642"]
[WhiteElo "2074"]
[LiveChessVersion "1.4.8"]

1. d4 {[%clk 0:25:19]} d5 {[%clk 0:25:19]} 2. c4 {[%clk 0:25:27]} e6
{[%clk 0:25:27]} 3. Nf3 {[%clk 0:25:35]} c5 {[%clk 0:25:34]} 4. cxd5
{[%clk 0:25:44]} exd5 {[%clk 0:25:43]} 5. g3 {[%clk 0:25:09]} Nc6
{[%clk 0:25:36]} 6. Bg2 {[%clk 0:24:36]} Nf6 {[%clk 0:25:42]} 7. O-O
{[%clk 0:24:43]} Be7 {[%clk 0:25:45]} 8. Nc3 {[%clk 0:24:28]} O-O
{[%clk 0:25:52]} 9. dxc5 {[%clk 0:23:22]} Bxc5 {[%clk 0:24:55]} 10. Bg5
{[%clk 0:23:21]} d4 {[%clk 0:23:40]} 11. Bxf6 {[%clk 0:20:20]} Qxf6
{[%clk 0:23:43]} 12. Nd5 {[%clk 0:18:15]} Qd6 {[%clk 0:22:22]} 13. Nd2
{[%clk 0:17:18]} Be6 {[%clk 0:11:42]} 14. Nf4 {[%clk 0:16:29]} Bb6
{[%clk 0:10:29]} 15. Rc1 {[%clk 0:14:18]} Rac8 {[%clk 0:08:17]} 16. Ne4
{[%clk 0:13:58]} Qe7 {[%clk 0:08:09]} 17. Nxe6 {[%clk 0:10:35]} Qxe6
{[%clk 0:08:02]} 18. Qa4 {[%clk 0:10:23]} Ne5 {[%clk 0:04:57]} 19. Nd2
{[%clk 0:08:05]} d3 {[%clk 0:01:54]} 20. e3 {[%clk 0:07:53]} Qe7 {[%clk 0:01:43]}
21. Qe4 {[%clk 0:06:18]} Rc7 {[%clk 0:00:58]} 22. Rxc7 {[%clk 0:06:04]} Qxc7
{[%clk 0:01:07]} 23. Nf3 {[%clk 0:03:56]} Nxf3+ {[%clk 0:00:56]} 24. Bxf3
{[%clk 0:03:51]} Rd8 {[%clk 0:00:48]} 25. Qxb7 {[%clk 0:03:03]} Qe5
{[%clk 0:00:21]} 26. Rd1 {[%clk 0:02:03]} Qxb2 {[%clk 0:00:22]} 27. Bd5
{[%clk 0:01:35]} Qe2 {[%clk 0:00:18]} 28. Qxf7+ {[%clk 0:01:13]} Kh8
{[%clk 0:00:27]} 29. Bf3 {[%clk 0:00:54]} Qc2 {[%clk 0:00:34]} 30. Qb3
{[%clk 0:00:44]} h6 {[%clk 0:00:15]} 31. Qxc2 {[%clk 0:00:26]} dxc2
{[%clk 0:00:24]} 32. Rc1 {[%clk 0:00:36]} Rd2 {[%clk 0:00:32]} 33. Bg4
{[%clk 0:00:28]} Bc5 {[%clk 0:00:35]} 34. Kg2 {[%clk 0:00:19]} Ba3
{[%clk 0:00:43]} 35. Re1 {[%clk 0:00:24]} c1=Q {[%clk 0:00:51]} 36. Rxc1
{[%clk 0:00:33]} Bxc1 {[%clk 0:01:00]} 37. Be6 {[%clk 0:00:41]} Rb2
{[%clk 0:01:06]} 38. Kf3 {[%clk 0:00:48]} Bd2 {[%clk 0:01:10]} 39. h4
{[%clk 0:00:51]} Bc3 {[%clk 0:01:18]} 40. e4 {[%clk 0:00:36]} Be1
{[%clk 0:01:21]} 41. Kg4 {[%clk 0:00:45]} Rxf2 {[%clk 0:01:25]} 42. Bd5
{[%clk 0:00:53]} Bc3 {[%clk 0:01:33]} 43. Kh3 {[%clk 0:00:49]} g6
{[%clk 0:01:35]} 44. h5 {[%clk 0:00:33]} gxh5 {[%clk 0:01:38]} 45. g4
{[%clk 0:00:34]} hxg4+ {[%clk 0:01:42]} 46. Kxg4 {[%clk 0:00:43]} Kg7
{[%clk 0:01:52]} 47. Kg3 {[%clk 0:00:45]} Rf8 {[%clk 0:02:00]} 48. Kg4
{[%clk 0:00:54]} Kg6 {[%clk 0:02:06]} 49. Kh3 {[%clk 0:01:00]} Kg5
{[%clk 0:02:14]} 50. Kg3 {[%clk 0:01:08]} h5 {[%clk 0:02:19]} 51. a4
{[%clk 0:01:13]} h4+ {[%clk 0:02:27]} 52. Kg2 {[%clk 0:01:20]} Kg4
{[%clk 0:02:23]} 53. Be6+ {[%clk 0:01:29]} Kf4 {[%clk 0:02:32]} 54. Bd5
{[%clk 0:01:36]} Rh8 {[%clk 0:02:29]} 55. Kh3 {[%clk 0:01:45]} Rh5
{[%clk 0:02:35]} 56. Bf7 {[%clk 0:01:46]} Rh6 {[%clk 0:02:40]} 57. Bd5
{[%clk 0:01:53]} Ke3 {[%clk 0:02:46]} 58. Ba8 {[%clk 0:01:52]} Kd4
{[%clk 0:02:53]} 59. Bd5 {[%clk 0:02:00]} Kc5 {[%clk 0:03:02]} 60. Bf7
{[%clk 0:02:08]} Kb4 {[%clk 0:03:06]} 61. Be8 {[%clk 0:02:08]} Re6
{[%clk 0:03:09]} 62. Bb5 {[%clk 0:02:16]} Rxe4 {[%clk 0:03:17]} 63. Bc6
{[%clk 0:02:25]} Rf4 {[%clk 0:03:24]} 64. Bb5 {[%clk 0:02:33]} Be1
{[%clk 0:03:31]} 65. Bc6 {[%clk 0:02:42]} Ka5 {[%clk 0:03:39]} 66. Kg2
{[%clk 0:02:45]} Rxa4 {[%clk 0:03:44]} 67. Bxa4 {[%clk 0:02:52]} Kxa4
{[%clk 0:03:54]} 68. Kf1 {[%clk 0:03:00]} Bg3 {[%clk 0:04:02]} 69. Kg2
{[%clk 0:03:10]} Kb3 {[%clk 0:04:12]} 70. Kf3 {[%clk 0:03:18]} a5
{[%clk 0:04:21]} 71. Ke4 {[%clk 0:03:27]} a4 {[%clk 0:04:28]} 0-1

[Event "MCR druzstev mladsich zaku 2019"]
[Site "Trest"]
[Date "2019.06.15"]
[Round "3.2"]
[White "Vasinek, Martin"]
[Black "Nemec, Jachym"]
[Result "0-1"]
[BlackElo "1940"]
[WhiteElo "1700"]
[LiveChessVersion "1.4.8"]

1. d4 {[%clk 0:25:18]} Nf6 {[%clk 0:25:14]} 2. c4 {[%clk 0:25:26]} c5
{[%clk 0:25:18]} 3. Nf3 {[%clk 0:25:31]} cxd4 {[%clk 0:25:16]} 4. Nxd4
{[%clk 0:25:39]} e5 {[%clk 0:25:01]} 5. Nf3 {[%clk 0:23:57]} Nc6 {[%clk 0:24:49]}
6. Nc3 {[%clk 0:23:46]} Bb4 {[%clk 0:24:08]} 7. Bd2 {[%clk 0:18:18]} d6
{[%clk 0:19:18]} 8. a3 {[%clk 0:17:44]} Bxc3 {[%clk 0:19:22]} 9. Bxc3
{[%clk 0:17:49]} Be6 {[%clk 0:19:22]} 10. e3 {[%clk 0:17:43]} O-O
{[%clk 0:18:37]} 11. Be2 {[%clk 0:17:33]} Qc7 {[%clk 0:18:39]} 12. O-O
{[%clk 0:17:31]} Rfd8 {[%clk 0:17:49]} 13. Qc2 {[%clk 0:17:03]} a5
{[%clk 0:16:30]} 14. Rfd1 {[%clk 0:14:32]} Ne7 {[%clk 0:16:00]} 15. b3
{[%clk 0:07:48]} Rac8 {[%clk 0:12:11]} 16. Rac1 {[%clk 0:07:29]} Qb6
{[%clk 0:10:19]} 17. Qb2 {[%clk 0:04:51]} Ne4 {[%clk 0:10:13]} 18. Be1
{[%clk 0:04:12]} f6 {[%clk 0:07:52]} 19. Nd2 {[%clk 0:02:54]} Nxd2
{[%clk 0:06:52]} 20. Bxd2 {[%clk 0:02:58]} d5 {[%clk 0:06:53]} 21. cxd5
{[%clk 0:02:30]} Bxd5 {[%clk 0:06:40]} 22. b4 {[%clk 0:02:32]} a4
{[%clk 0:06:28]} 23. Be1 {[%clk 0:02:33]} Bb3 {[%clk 0:06:23]} 24. Rxd8+
{[%clk 0:02:21]} Rxd8 {[%clk 0:06:23]} 25. Bc3 {[%clk 0:02:10]} Nd5
{[%clk 0:06:18]} 26. Be1 {[%clk 0:01:49]} Qe6 {[%clk 0:05:47]} 27. g3
{[%clk 0:00:36]} Nb6 {[%clk 0:05:43]} 28. Qc3 {[%clk 0:00:18]} Rc8
{[%clk 0:05:43]} 29. Qb2 {[%clk 0:00:27]} Nc4 {[%clk 0:05:49]} 30. Bxc4
{[%clk 0:00:33]} Bxc4 {[%clk 0:05:57]} 31. Qd2 {[%clk 0:00:37]} Qh3
{[%clk 0:05:36]} 32. f3 {[%clk 0:00:37]} Qf1# {[%clk 0:05:30]} 0-1

[Event "MCR druzstev mladsich zaku 2019"]
[Site "Trest"]
[Date "2019.06.15"]
[Round "3.3"]
[White "Smolik, Jachym"]
[Black "Buchta, Bartolomej"]
[Result "1-0"]
[BlackElo "1556"]
[WhiteElo "1652"]
[LiveChessVersion "1.4.8"]

1. d4 {[%clk 0:25:19]} Nf6 {[%clk 0:25:19]} 2. Nf3 {[%clk 0:25:27]} e6
{[%clk 0:25:28]} 3. e3 {[%clk 0:25:36]} b6 {[%clk 0:25:29]} 4. Bd3
{[%clk 0:25:43]} Bb7 {[%clk 0:25:31]} 5. O-O {[%clk 0:25:48]} c5 {[%clk 0:24:03]}
6. c4 {[%clk 0:25:45]} Ne4 {[%clk 0:23:49]} 7. Bxe4 {[%clk 0:24:25]} Bxe4
{[%clk 0:23:57]} 8. Nc3 {[%clk 0:24:34]} Bg6 {[%clk 0:22:45]} 9. Ne5
{[%clk 0:23:31]} d6 {[%clk 0:22:37]} 10. Nxg6 {[%clk 0:22:46]} hxg6
{[%clk 0:22:45]} 11. Qf3 {[%clk 0:22:15]} Nd7 {[%clk 0:20:59]} 12. d5
{[%clk 0:21:13]} Ne5 {[%clk 0:17:49]} 13. Qe2 {[%clk 0:21:21]} Qh4
{[%clk 0:17:29]} 14. h3 {[%clk 0:20:58]} Nxc4 {[%clk 0:13:24]} 15. f4
{[%clk 0:18:35]} Na5 {[%clk 0:12:29]} 16. Nb5 {[%clk 0:16:44]} Qd8
{[%clk 0:09:36]} 17. dxe6 {[%clk 0:16:29]} fxe6 {[%clk 0:09:42]} 18. Qg4
{[%clk 0:15:49]} Kf7 {[%clk 0:09:40]} 19. e4 {[%clk 0:15:30]} Qh4
{[%clk 0:07:17]} 20. Qf3 {[%clk 0:15:03]} a6 {[%clk 0:05:45]} 21. Nc3
{[%clk 0:14:32]} Qh5 {[%clk 0:04:41]} 22. Qd3 {[%clk 0:13:49]} c4
{[%clk 0:03:49]} 23. Qg3 {[%clk 0:13:34]} Be7 {[%clk 0:02:52]} 24. f5
{[%clk 0:12:47]} gxf5 {[%clk 0:01:46]} 25. exf5 {[%clk 0:12:50]} exf5
{[%clk 0:01:33]} 26. Nd5 {[%clk 0:12:17]} b5 {[%clk 0:00:52]} 27. Nxe7
{[%clk 0:12:15]} Kxe7 {[%clk 0:00:43]} 28. Qxg7+ {[%clk 0:12:24]} Kd8
{[%clk 0:00:37]} 29. Bg5+ {[%clk 0:12:30]} Kc8 {[%clk 0:00:39]} 30. Rad1
{[%clk 0:12:00]} Qe8 {[%clk 0:00:17]} 31. Rxd6 {[%clk 0:11:36]} Rg8
{[%clk 0:00:26]} 32. Qf6 {[%clk 0:11:26]} 1-0

[Event "MCR druzstev mladsich zaku 2019"]
[Site "Trest"]
[Date "2019.06.15"]
[Round "3.4"]
[White "Licka, Denis"]
[Black "Day, Tobias"]
[Result "0-1"]
[BlackElo "1690"]
[WhiteElo "1349"]
[LiveChessVersion "1.4.8"]

1. e4 {[%clk 0:25:10]} c5 {[%clk 0:25:10]} 2. Nf3 {[%clk 0:25:10]} d6
{[%clk 0:25:10]} 3. d4 {[%clk 0:25:10]} cxd4 {[%clk 0:25:10]} 4. Nxd4
{[%clk 0:25:10]} Nf6 {[%clk 0:25:10]} 5. Nc3 {[%clk 0:25:10]} g6 {[%clk 0:25:10]}
6. Be3 {[%clk 0:25:10]} Bg7 {[%clk 0:25:10]} 7. f3 {[%clk 0:25:17]} O-O
{[%clk 0:24:49]} 8. Qd2 {[%clk 0:25:24]} Nc6 {[%clk 0:24:51]} 9. h4
{[%clk 0:24:48]} h5 {[%clk 0:23:18]} 10. O-O-O {[%clk 0:24:51]} d5
{[%clk 0:21:02]} 11. Nxc6 {[%clk 0:21:51]} bxc6 {[%clk 0:21:00]} 12. exd5
{[%clk 0:21:40]} Nxd5 {[%clk 0:17:38]} 13. Nxd5 {[%clk 0:21:22]} cxd5
{[%clk 0:17:31]} 14. Qxd5 {[%clk 0:21:05]} Qc7 {[%clk 0:16:13]} 15. Qc5
{[%clk 0:01:47]} Qb7 {[%clk 0:15:18]} 16. Bd4 {[%clk 0:01:11]} Bf5
{[%clk 0:06:57]} 0-1

[Event "MCR druzstev mladsich zaku 2019"]
[Site "Trest"]
[Date "2019.06.15"]
[Round "3.5"]
[White "Pressler, Tobias"]
[Black "Barteckova, Denisa"]
[Result "1-0"]
[BlackElo "1342"]
[WhiteElo "1595"]
[LiveChessVersion "1.4.8"]

1. d4 {[%clk 0:25:14]} d5 {[%clk 0:25:19]} 2. Nf3 {[%clk 0:25:19]} Nc6
{[%clk 0:25:27]} 3. e3 {[%clk 0:25:25]} a6 {[%clk 0:25:25]} 4. Bd3
{[%clk 0:25:17]} Nf6 {[%clk 0:25:33]} 5. Nbd2 {[%clk 0:25:31]} Bg4
{[%clk 0:25:33]} 6. a3 {[%clk 0:25:29]} e6 {[%clk 0:25:36]} 7. O-O
{[%clk 0:25:34]} Bd6 {[%clk 0:25:36]} 8. b3 {[%clk 0:25:39]} O-O {[%clk 0:25:40]}
9. Bb2 {[%clk 0:25:47]} h6 {[%clk 0:25:26]} 10. Qe1 {[%clk 0:25:34]} Qe7
{[%clk 0:25:09]} 11. Ne5 {[%clk 0:25:38]} Nxe5 {[%clk 0:24:54]} 12. dxe5
{[%clk 0:25:45]} Bxe5 {[%clk 0:23:26]} 13. Bxe5 {[%clk 0:25:52]} c6
{[%clk 0:22:59]} 14. f4 {[%clk 0:25:29]} Nd7 {[%clk 0:22:38]} 15. Bb2
{[%clk 0:25:27]} c5 {[%clk 0:21:11]} 16. Qg3 {[%clk 0:25:27]} f5 {[%clk 0:19:02]}
17. Nf3 {[%clk 0:25:04]} Bxf3 {[%clk 0:17:09]} 18. Rxf3 {[%clk 0:24:45]} Nf6
{[%clk 0:16:41]} 19. Qg6 {[%clk 0:23:59]} Rac8 {[%clk 0:13:59]} 20. c4
{[%clk 0:23:58]} dxc4 {[%clk 0:13:36]} 21. Bxc4 {[%clk 0:23:46]} b5
{[%clk 0:13:04]} 22. Bf1 {[%clk 0:23:33]} Ne4 {[%clk 0:12:25]} 23. Rh3
{[%clk 0:23:30]} c4 {[%clk 0:10:38]} 24. bxc4 {[%clk 0:23:18]} bxc4
{[%clk 0:10:30]} 25. Be5 {[%clk 0:23:07]} Qa7 {[%clk 0:06:08]} 26. Bd4
{[%clk 0:23:06]} Rf6 {[%clk 0:05:19]} 27. Qh5 {[%clk 0:23:06]} Qb7
{[%clk 0:04:37]} 28. Bxf6 {[%clk 0:23:12]} Nxf6 {[%clk 0:04:19]} 29. Qf3
{[%clk 0:23:18]} Qb2 {[%clk 0:03:45]} 30. Qd1 {[%clk 0:21:47]} c3
{[%clk 0:03:20]} 31. Qc1 {[%clk 0:19:55]} Qb6 {[%clk 0:01:39]} 32. Rb1
{[%clk 0:19:34]} Qa5 {[%clk 0:00:41]} 33. Rg3 {[%clk 0:17:59]} 1-0

[Event "MCR druzstev mladsich zaku 2019"]
[Site "Trest"]
[Date "2019.06.15"]
[Round "3.6"]
[White "Letal, Hynek"]
[Black "Sehnoutkova, Laura"]
[Result "1/2-1/2"]
[BlackElo "1406"]
[WhiteElo "1278"]
[LiveChessVersion "1.4.8"]

1. e4 {[%clk 0:25:28]} d5 {[%clk 0:25:27]} 2. exd5 {[%clk 0:25:33]} Qxd5
{[%clk 0:25:35]} 3. Nc3 {[%clk 0:25:40]} Qa5 {[%clk 0:25:43]} 4. Nf3
{[%clk 0:25:47]} Bf5 {[%clk 0:25:20]} 5. Bc4 {[%clk 0:25:50]} e6 {[%clk 0:25:10]}
6. O-O {[%clk 0:25:55]} Bd6 {[%clk 0:24:48]} 7. d3 Ne7 {[%clk 0:24:02]} 8. Bd2
{[%clk 0:26:01]} c6 {[%clk 0:24:09]} 9. Ne4 {[%clk 0:25:43]} Qc7 {[%clk 0:23:38]}
10. Re1 {[%clk 0:25:43]} Bxe4 {[%clk 0:22:35]} 11. Rxe4 {[%clk 0:25:48]} O-O
{[%clk 0:22:31]} 12. Rg4 {[%clk 0:25:22]} Re8 {[%clk 0:21:43]} 13. Bh6
{[%clk 0:25:02]} g6 {[%clk 0:21:42]} 14. h3 {[%clk 0:24:58]} Nf5 {[%clk 0:21:01]}
15. Qd2 {[%clk 0:24:48]} Bf8 {[%clk 0:20:07]} 16. Bxf8 {[%clk 0:24:24]} Rxf8
{[%clk 0:20:07]} 17. Ng5 {[%clk 0:24:31]} Re8 {[%clk 0:18:49]} 18. Ne4
{[%clk 0:24:09]} Qe7 {[%clk 0:18:02]} 19. Qc3 {[%clk 0:24:09]} Nd7
{[%clk 0:16:51]} 20. Ng3 {[%clk 0:22:15]} Nxg3 {[%clk 0:16:28]} 21. Rxg3
{[%clk 0:22:21]} Qf6 {[%clk 0:16:02]} 22. Qxf6 {[%clk 0:22:08]} Nxf6
{[%clk 0:16:11]} 23. Rf3 {[%clk 0:22:16]} Nd5 {[%clk 0:16:18]} 24. c3
{[%clk 0:22:14]} Rad8 {[%clk 0:16:07]} 25. d4 {[%clk 0:21:53]} Nb6
{[%clk 0:15:59]} 26. Bb3 {[%clk 0:22:01]} Rd7 {[%clk 0:15:38]} 27. Re1
{[%clk 0:22:06]} Nd5 {[%clk 0:15:10]} 28. Rd3 {[%clk 0:21:21]} Rde7
{[%clk 0:14:21]} 29. Rd2 {[%clk 0:21:22]} e5 {[%clk 0:13:54]} 30. Rde2
{[%clk 0:20:35]} exd4 {[%clk 0:13:52]} 31. Rxe7 {[%clk 0:20:42]} Rxe7
{[%clk 0:13:59]} 32. Rxe7 {[%clk 0:20:50]} Nxe7 {[%clk 0:14:07]} 33. cxd4
{[%clk 0:20:59]} Nd5 {[%clk 0:14:15]} 34. Kf1 {[%clk 0:21:05]} f5
{[%clk 0:14:23]} 35. Ke2 {[%clk 0:21:14]} Kf7 {[%clk 0:14:31]} 36. Kd3
{[%clk 0:21:18]} b5 {[%clk 0:14:30]} 37. g3 {[%clk 0:20:58]} g5 {[%clk 0:14:31]}
38. a4 {[%clk 0:20:27]} Ke6 {[%clk 0:14:28]} 39. axb5 {[%clk 0:20:00]} cxb5
{[%clk 0:14:35]} 40. Bd1 {[%clk 0:19:37]} a5 {[%clk 0:14:13]} 41. Be2
{[%clk 0:19:36]} Kd6 {[%clk 0:13:46]} 42. Kc2 {[%clk 0:19:38]} Nb4+
{[%clk 0:13:18]} 43. Kb3 {[%clk 0:19:47]} Kc6 {[%clk 0:13:22]} 44. Bf3+
{[%clk 0:19:50]} Kd6 {[%clk 0:13:23]} 45. g4 {[%clk 0:19:36]} f4 {[%clk 0:12:50]}
46. Be4 {[%clk 0:19:35]} h6 {[%clk 0:12:50]} 47. f3 {[%clk 0:19:24]} Nd5
{[%clk 0:12:35]} 48. Bd3 {[%clk 0:18:52]} Kc6 {[%clk 0:12:35]} 49. Be4
{[%clk 0:19:00]} Kd6 {[%clk 0:12:26]} 50. Bd3 {[%clk 0:18:56]} Kc6
{[%clk 0:12:22]} 51. Be4 {[%clk 0:19:04]} Kd6 {[%clk 0:12:04]} 52. Bd3
{[%clk 0:19:13]} Kc6 {[%clk 0:11:32]} 53. Be4 1/2-1/2

[Event "MCR druzstev mladsich zaku 2019"]
[Site "Trest"]
[Date "2019.06.15"]
[Round "3.7"]
[White "Winter, Ondrej"]
[Black "Brozka, Karel"]
[Result "0-1"]
[BlackElo "2142"]
[WhiteElo "1533"]
[LiveChessVersion "1.4.8"]

1. e4 {[%clk 0:25:19]} c6 {[%clk 0:25:17]} 2. Nf3 {[%clk 0:25:27]} d5
{[%clk 0:25:22]} 3. Nc3 {[%clk 0:25:36]} dxe4 {[%clk 0:24:58]} 4. Nxe4
{[%clk 0:25:42]} Nd7 {[%clk 0:25:05]} 5. d4 {[%clk 0:24:31]} Ngf6
{[%clk 0:25:10]} 6. Bd3 {[%clk 0:23:16]} Nxe4 {[%clk 0:24:50]} 7. Bxe4
{[%clk 0:23:24]} Nf6 {[%clk 0:24:59]} 8. Bd3 {[%clk 0:23:11]} Bg4
{[%clk 0:25:03]} 9. c3 {[%clk 0:23:16]} e6 {[%clk 0:24:23]} 10. h3
{[%clk 0:21:12]} Bh5 {[%clk 0:23:26]} 11. Bg5 {[%clk 0:20:34]} Be7
{[%clk 0:22:27]} 12. O-O {[%clk 0:18:39]} O-O {[%clk 0:21:25]} 13. Be2
{[%clk 0:12:50]} h6 {[%clk 0:17:51]} 14. Bxf6 {[%clk 0:12:08]} Bxf6 15. Ne5
{[%clk 0:11:31]} Bxe2 {[%clk 0:16:45]} 16. Qxe2 {[%clk 0:11:40]} Bxe5
{[%clk 0:15:58]} 17. Qxe5 {[%clk 0:10:41]} Qb6 {[%clk 0:16:00]} 18. Qe2
{[%clk 0:09:32]} Rad8 {[%clk 0:14:56]} 19. Rfe1 {[%clk 0:09:21]} Rd5
{[%clk 0:14:49]} 20. Qc2 {[%clk 0:09:10]} Rfd8 {[%clk 0:14:02]} 21. Rad1
{[%clk 0:08:44]} c5 {[%clk 0:13:37]} 22. dxc5 {[%clk 0:06:25]} Qxc5
{[%clk 0:13:32]} 23. Rxd5 {[%clk 0:02:48]} Qxd5 {[%clk 0:13:33]} 24. b3
{[%clk 0:02:34]} Qd2 {[%clk 0:09:21]} 25. Re2 {[%clk 0:02:31]} Qf4
{[%clk 0:08:32]} 26. g3 {[%clk 0:00:43]} Qd6 {[%clk 0:08:01]} 27. Re1
{[%clk 0:00:35]} Qd2 {[%clk 0:05:37]} 28. Re2 {[%clk 0:00:42]} Qd6
{[%clk 0:04:47]} 29. Re1 {[%clk 0:00:50]} b6 {[%clk 0:04:57]} 30. Re2
{[%clk 0:00:35]} Qd5 {[%clk 0:03:18]} 31. Re1 {[%clk 0:00:34]} Qh5
{[%clk 0:03:20]} 32. Kg2 {[%clk 0:00:35]} Qd5+ {[%clk 0:02:57]} 33. Kg1
{[%clk 0:00:42]} Qf3 {[%clk 0:02:56]} 34. Re2 {[%clk 0:00:21]} h5
{[%clk 0:01:45]} 35. Rd2 {[%clk 0:00:19]} Rc8 {[%clk 0:01:54]} 36. Rd3
{[%clk 0:00:21]} Qf5 {[%clk 0:01:50]} 37. Qd2 {[%clk 0:00:30]} Kh7
{[%clk 0:01:13]} 38. Kg2 {[%clk 0:00:17]} h4 {[%clk 0:00:56]} 39. g4
{[%clk 0:00:14]} Qe4+ {[%clk 0:01:00]} 40. f3 {[%clk 0:00:19]} Qe5
{[%clk 0:01:00]} 41. Re3 {[%clk 0:00:16]} Qg3+ {[%clk 0:01:01]} 42. Kf1
{[%clk 0:00:15]} Qxh3+ {[%clk 0:01:10]} 43. Ke1 {[%clk 0:00:17]} Qh1+
{[%clk 0:00:58]} 44. Ke2 {[%clk 0:00:19]} Qg2+ {[%clk 0:01:05]} 45. Kd1
{[%clk 0:00:24]} h3 {[%clk 0:00:44]} 46. Qxg2 {[%clk 0:00:14]} hxg2
{[%clk 0:00:52]} 47. Re1 {[%clk 0:00:24]} Rxc3 {[%clk 0:01:01]} 48. Rg1
{[%clk 0:00:27]} Rxf3 {[%clk 0:01:08]} 49. Rxg2 {[%clk 0:00:35]} f5
{[%clk 0:00:54]} 50. Ke2 {[%clk 0:00:21]} Rc3 {[%clk 0:00:52]} 51. Kd2
{[%clk 0:00:27]} Rh3 {[%clk 0:00:59]} 52. Ke2 {[%clk 0:00:24]} f4
{[%clk 0:00:57]} 53. Rf2 {[%clk 0:00:17]} e5 {[%clk 0:00:53]} 54. Kd2
{[%clk 0:00:13]} g5 {[%clk 0:00:50]} 55. Re2 {[%clk 0:00:13]} Rg3
{[%clk 0:00:32]} 56. Rxe5 {[%clk 0:00:21]} Rxg4 {[%clk 0:00:41]} 57. Re7+
{[%clk 0:00:29]} Kg6 {[%clk 0:00:49]} 58. Rxa7 {[%clk 0:00:37]} Rg2+
{[%clk 0:00:55]} 59. Ke1 {[%clk 0:00:42]} f3 {[%clk 0:00:47]} 60. Ra6
{[%clk 0:00:40]} Kf5 {[%clk 0:00:56]} 61. Rxb6 {[%clk 0:00:25]} Rxa2
{[%clk 0:01:04]} 62. Rb4 {[%clk 0:00:31]} g4 {[%clk 0:00:55]} 63. Rc4
{[%clk 0:00:22]} g3 {[%clk 0:01:05]} 64. Rc3 {[%clk 0:00:13]} Ra1+
{[%clk 0:01:07]} 65. Kd2 {[%clk 0:00:19]} Kg4 {[%clk 0:00:38]} 66. Rc4+
{[%clk 0:00:14]} Kh3 {[%clk 0:00:46]} 67. Rf4 {[%clk 0:00:20]} f2
{[%clk 0:00:40]} 68. Ke2 {[%clk 0:00:21]} f1=Q+ {[%clk 0:00:24]} 69. Rxf1
{[%clk 0:00:29]} Rxf1 {[%clk 0:00:34]} 70. Kxf1 {[%clk 0:00:38]} Kh2
{[%clk 0:00:43]} 0-1

[Event "MCR druzstev mladsich zaku 2019"]
[Site "Trest"]
[Date "2019.06.15"]
[Round "3.8"]
[White "Bouska, Jiri"]
[Black "Zelba, Lukas"]
[Result "0-1"]
[BlackElo "1614"]
[WhiteElo "1620"]
[LiveChessVersion "1.4.8"]

1. e4 {[%clk 0:25:16]} d5 {[%clk 0:25:11]} 2. exd5 {[%clk 0:25:18]} Nf6
{[%clk 0:25:20]} 3. d4 {[%clk 0:25:22]} Nxd5 {[%clk 0:25:28]} 4. c4
{[%clk 0:25:25]} Nf6 {[%clk 0:25:37]} 5. Nf3 {[%clk 0:25:23]} e6 {[%clk 0:25:40]}
6. Be2 {[%clk 0:25:18]} c5 {[%clk 0:25:39]} 7. O-O {[%clk 0:25:10]} Nc6
{[%clk 0:25:45]} 8. Be3 {[%clk 0:25:09]} cxd4 {[%clk 0:25:38]} 9. Nxd4
{[%clk 0:24:07]} Nxd4 {[%clk 0:24:37]} 10. Bxd4 {[%clk 0:24:11]} Be7
{[%clk 0:24:45]} 11. Nc3 {[%clk 0:24:05]} O-O {[%clk 0:24:34]} 12. Be5
{[%clk 0:23:26]} Bd7 {[%clk 0:24:12]} 13. a3 {[%clk 0:23:02]} Bc6
{[%clk 0:23:48]} 14. b4 {[%clk 0:22:42]} b6 {[%clk 0:23:33]} 15. Qc2
{[%clk 0:21:50]} Qc8 {[%clk 0:22:55]} 16. Rad1 {[%clk 0:19:58]} Qb7
{[%clk 0:22:40]} 17. f3 {[%clk 0:19:58]} Rad8 {[%clk 0:22:09]} 18. Rxd8
{[%clk 0:19:26]} Rxd8 {[%clk 0:22:03]} 19. Rd1 {[%clk 0:19:30]} Rxd1+
{[%clk 0:21:47]} 20. Qxd1 {[%clk 0:19:30]} Qd7 {[%clk 0:21:54]} 21. Bd3
{[%clk 0:18:57]} Qd8 {[%clk 0:20:15]} 22. Kf2 {[%clk 0:18:12]} a5
{[%clk 0:19:10]} 23. Ne2 {[%clk 0:16:03]} Kf8 {[%clk 0:17:37]} 24. Nd4
{[%clk 0:15:43]} Bb7 {[%clk 0:17:09]} 25. Bc2 {[%clk 0:10:41]} Qc8
{[%clk 0:16:14]} 26. Qd3 {[%clk 0:08:34]} axb4 {[%clk 0:15:49]} 27. axb4
{[%clk 0:08:25]} Bxb4 {[%clk 0:15:57]} 28. Bb3 {[%clk 0:07:38]} Bc5
{[%clk 0:15:47]} 29. Ke2 {[%clk 0:07:09]} Ke7 {[%clk 0:14:29]} 30. Nb5
{[%clk 0:06:47]} Qd7 {[%clk 0:13:31]} 31. Bxf6+ {[%clk 0:05:52]} gxf6
{[%clk 0:13:34]} 32. Qxh7 {[%clk 0:05:20]} Ba6 {[%clk 0:12:10]} 33. Ba4
{[%clk 0:04:35]} Bxb5 {[%clk 0:12:07]} 34. Bxb5 {[%clk 0:03:56]} Qd4
{[%clk 0:12:13]} 35. Qd3 {[%clk 0:00:56]} Qf2+ {[%clk 0:11:35]} 36. Kd1
{[%clk 0:01:04]} Qg1+ {[%clk 0:11:33]} 37. Kc2 {[%clk 0:00:18]} Qxg2+
{[%clk 0:11:19]} 38. Qd2 {[%clk 0:00:15]} Qxf3 {[%clk 0:10:49]} 39. Qd7+
{[%clk 0:00:22]} Kf8 {[%clk 0:10:58]} 40. Qd2 {[%clk 0:00:13]} Qf2
{[%clk 0:10:39]} 41. Qxf2 {[%clk 0:00:17]} Bxf2 {[%clk 0:10:49]} 42. Kd3
{[%clk 0:00:26]} f5 {[%clk 0:10:45]} 43. Ke2 {[%clk 0:00:35]} Bc5
{[%clk 0:10:53]} 44. Kf3 {[%clk 0:00:40]} Kg7 {[%clk 0:10:53]} 45. Ba4
{[%clk 0:00:37]} Kg6 {[%clk 0:10:51]} 46. Kg2 {[%clk 0:00:24]} e5
{[%clk 0:10:52]} 47. Bc2 {[%clk 0:00:29]} Kg5 {[%clk 0:10:59]} 48. Kg3
{[%clk 0:00:29]} f4+ {[%clk 0:10:35]} 49. Kg2 {[%clk 0:00:32]} f5
{[%clk 0:10:31]} 50. Kh3 {[%clk 0:00:28]} e4 {[%clk 0:10:22]} 51. Kg2
{[%clk 0:00:28]} Kh4 {[%clk 0:10:12]} 52. Kh1 {[%clk 0:00:31]} Bd6
{[%clk 0:09:47]} 53. Bd1 {[%clk 0:00:33]} f3 {[%clk 0:09:51]} 54. Kg1
{[%clk 0:00:30]} f4 {[%clk 0:09:29]} 55. Kh1 {[%clk 0:00:21]} Kg4
{[%clk 0:09:27]} 56. Kg1 {[%clk 0:00:19]} e3 {[%clk 0:09:26]} 57. h3+
{[%clk 0:00:14]} Kg3 {[%clk 0:09:32]} 58. Bc2 {[%clk 0:00:12]} e2
{[%clk 0:09:34]} 59. Bd3 {[%clk 0:00:19]} f2+ {[%clk 0:09:42]} 60. Kh1
{[%clk 0:00:24]} f1=Q# 0-1